Introduction to textiles

Uloženo v:
Podrobná bibliografie
Hlavní autor: Evelyn E Stout
Médium: Kniha
Jazyk:Undetermined
Vydáno: New York John Wiley 1965
Témata:
Tagy: Přidat tag
Žádné tagy, Buďte první, kdo otaguje tento záznam!
Thư viện lưu trữ: Trung tâm Học liệu Trường Đại học Cần Thơ
LEADER 00464nam a2200181Ia 4500
001 CTU_11771
008 210402s9999 xx 000 0 und d
082 |a 677 
082 |b S889 
100 |a Evelyn E Stout 
245 0 |a Introduction to textiles 
245 0 |c Evelyn E Stout 
260 |a New York 
260 |b John Wiley 
260 |c 1965 
650 |a textiles industry 
904 |i Minh, 961102 
980 |a Trung tâm Học liệu Trường Đại học Cần Thơ